Beautiful Things - Benson Boone (All Lyrics) - Statistics

General Stats
  • This quiz has been taken 1,136 times
  • The average score is 184 of 249
Answer Stats
Answer % Correct
I
98%
the
96%
a
95%
do
94%
things
93%
God
91%
I've
91%
stay
89%
you
88%
it
87%
that
87%
take
86%
beautiful
85%
For
85%
my
85%
And
84%
and
84%
Oh,
84%
oh,
84%
Ooooh
84%
Please
84%
But
83%
but
83%
love
83%
want
82%
every
81%
been
80%
don't
80%
Don't
80%
girl
80%
got
80%
need
80%
while
80%
these
77%
better
75%
parents
75%
found
74%
was
74%
doing
73%
last
73%
night
73%
Than
73%
there
73%
cold
72%
lately
72%
rough
72%
all
71%
he
71%
recall
70%
Decembers
69%
family
69%
see
69%
have
68%
month
68%
way
67%
day
66%
four
66%
away
65%
think
65%
can
64%
thank
64%
know
63%
might
63%
sent
62%
to
62%
lose
59%
feeling
58%
gives
58%
hold
57%
no
57%
me
56%
come
55%
get
53%
hope
53%
man
53%
used
53%
who
53%
She'll
52%
It's
46%
it's
46%
that's
46%
as
45%
terrified
45%
there's
45%
wanna
44%
I'm
43%
stands
43%
mind
36%
mm,
35%
finding
31%
good
31%
If
29%
why
29%
great
28%
peace
28%
faith
27%
gone
27%
sane
27%
wait
26%
everything's
24%
sit
24%
'till
22%
Ooh
19%
enough
18%
just
18%
up
18%
at
16%
tell
16%
thinking
12%
ya
10%
No matching quizzes found
Score Distribution
Percent of People with Each Score
Percentile by Number Answered
Your Score History
You have not taken this quiz